<?xml version="1.0" encoding="UTF-8"?>
<record
    xmlns:xsi="http://www.w3.org/2001/XMLSchema-instance"
    xsi:schemaLocation="http://www.loc.gov/MARC21/slim http://www.loc.gov/standards/marcxml/schema/MARC21slim.xsd"
    xmlns="http://www.loc.gov/MARC21/slim">

  <leader>01269nam a2200229Ia 4500</leader>
  <controlfield tag="001">L230-6066</controlfield>
  <controlfield tag="003">IT-CnALBA</controlfield>
  <controlfield tag="008">170116s9999||||xx |||||||||||||| ||und||</controlfield>
  <datafield tag="040" ind1=" " ind2=" ">
    <subfield code="a">IT-CnALBA</subfield>
    <subfield code="c">IT-CnALBA</subfield>
  </datafield>
  <datafield tag="041" ind1=" " ind2=" ">
    <subfield code="a">LATINO </subfield>
  </datafield>
  <datafield tag="100" ind1=" " ind2=" ">
    <subfield code="a">PESCH CRISTIANO, SJ.</subfield>
  </datafield>
  <datafield tag="245" ind1=" " ind2="0">
    <subfield code="a">TRACTATUS DOGMATICI. TOMUS II. 1. DE DEO UNO SECUNDUM NATURAM. 2. DE DEO TRINO SECUNDUM PERSONAS. </subfield>
  </datafield>
  <datafield tag="250" ind1=" " ind2=" ">
    <subfield code="a">1a ed.</subfield>
  </datafield>
  <datafield tag="260" ind1=" " ind2=" ">
    <subfield code="a">FRIBURGO, WIEN</subfield>
    <subfield code="b">HERDER &amp; C.  ED. PONT</subfield>
    <subfield code="c">1895 [1&#xB0; Ed.:1895 - Ed.Ling.Originale: 1895]</subfield>
  </datafield>
  <datafield tag="300" ind1=" " ind2=" ">
    <subfield code="a">350 p. </subfield>
  </datafield>
  <datafield tag="500" ind1=" " ind2=" ">
    <subfield code="a">CONOSCENZA NATURALE DI DIO. DIMOSTRAZIONE SCIENTIFICA DELL'ESISTENZA DI DIO. CONOSCENZA SOPRANNATURALE DI DIO. PER FEDE, IN VISIONE. ESSENZA E ATTRIBUTI DI DIO. TRINIT&#xC0;. PROCESSIONI E RELAZIONI TRA LE PERSONE DIVINE. PROPRIET&#xC0; SINGOLE. MISSIONE. INDICE AN</subfield>
  </datafield>
  <datafield tag="501" ind1=" " ind2=" ">
    <subfield code="a">Societ&#xE0; San Paolo EM - Piazza San Paolo, 14 - 12051 ALBA (CN)  (non commercial uses only) &#xAE; Copyright 2017</subfield>
  </datafield>
  <datafield tag="520" ind1=" " ind2=" ">
    <subfield code="a">CONOSCENZA NATURALE DI DIO. DIMOSTRAZIONE SCIENTIFICA DELL'ESISTENZA DI DIO. CONOSCENZA SOPRANNATURALE DI DIO. PER FEDE, IN VISIONE. ESSENZA E ATTRIBUTI DI DIO. TRINIT&#xC0;. PROCESSIONI E RELAZIONI TRA LE PERSONE DIVINE. PROPRIET&#xC0; SINGOLE. MISSIONE. INDICE AN</subfield>
  </datafield>
  <datafield tag="650" ind1=" " ind2=" ">
    <subfield code="a">DOGMATICA CRISTIANA</subfield>
  </datafield>
  <datafield tag="942" ind1=" " ind2=" ">
    <subfield code="c">BK</subfield>
  </datafield>
  <datafield tag="957" ind1=" " ind2=" ">
    <subfield code="7">1</subfield>
  </datafield>
  <datafield tag="999" ind1=" " ind2=" ">
    <subfield code="a">7042</subfield>
    <subfield code="b">SI </subfield>
    <subfield code="g"> Copie: 1 </subfield>
    <subfield code="c">265248</subfield>
    <subfield code="d">265248</subfield>
  </datafield>
  <datafield tag="952" ind1=" " ind2=" ">
    <subfield code="0">0</subfield>
    <subfield code="1">0</subfield>
    <subfield code="4">0</subfield>
    <subfield code="6">L_2306066</subfield>
    <subfield code="7">1</subfield>
    <subfield code="a">ALBA</subfield>
    <subfield code="b">ALBA</subfield>
    <subfield code="d">2017-01-16</subfield>
    <subfield code="l">0</subfield>
    <subfield code="o">L230-6066</subfield>
    <subfield code="r">2017-01-16 00:00:00</subfield>
    <subfield code="w">2017-01-16</subfield>
    <subfield code="y">BK</subfield>
    <subfield code="z">(data import: 16 gennaio 2017) - By Epidotti, Vaglietti. </subfield>
  </datafield>
</record>
